[Event "RA-2016-0-00472"]
[Site "LSS email"]
[Date "2016.10.01"]
[Round "?"]
[White "Willmann, Bernd"]
[Black "Rybak, Jarek"]
[Result "1/2-1/2"]
[WhiteElo "2229"]
[BlackElo "2014"]
[PlyCount "68"]
[EventDate "2016.09.08"]
[EventType "tourn (corr)"]
[EventRounds "6"]
[EventCountry "GER"]
[SourceTitle "Corr 2022"]
[Source "ChessBase"]
[SourceDate "2021.10.24"]
[SourceVersion "1"]
[SourceVersionDate "2021.10.24"]
[SourceQuality "1"]

1. e4 c5 2. Nf3 d6 3. Bb5+ Nd7 4. 0-0 a6 5. Bd3 Ngf6 6. c3 b5 7. Bc2 Bb7 8. Re1 e5 9. d4 Be7 10. Nbd2 0-0 11. d5 c4 12. b3 cxb3 13. axb3 Qc7 14. Bb2 a5 15. b4 axb4 16. cxb4 Rxa1 17. Bxa1 Nb6 18. Bd3 Nc4 19. Qe2 Rc8 20. Rc1 Nd7 21. Nxc4 Nb6 22. Nxb6 Qxc1+ 23. Ne1 Qxa1 24. Nxc8 Bxc8 25. Kf1 Bd7 26. Bxb5 Bxb5 27. Qxb5 Qd4 28. Qb8+ Bf8 29. f3 g6 30. g4 Qc4+ 31. Kf2 f5 32. gxf5 gxf5 33. exf5 Qh4+ 34. Kf1 Qc4+ 1/2-1/2

[Event "RA-2016-0-00472"]
[Site "LSS email"]
[Date "2016.09.30"]
[Round "?"]
[White "Muniz Pardino, Alberto"]
[Black "Rybak, Jarek"]
[Result "1/2-1/2"]
[WhiteElo "2195"]
[BlackElo "2014"]
[PlyCount "61"]
[EventDate "2016.09.08"]
[EventType "tourn (corr)"]
[EventRounds "6"]
[EventCountry "GER"]
[SourceTitle "Corr 2022"]
[Source "ChessBase"]
[SourceDate "2021.10.24"]
[SourceVersion "1"]
[SourceVersionDate "2021.10.24"]
[SourceQuality "1"]

1. e4 c5 2. Nf3 d6 3. d4 cxd4 4. Nxd4 Nf6 5. Nc3 g6 6. Be3 Bg7 7. f3 0-0 8. Qd2 Nc6 9. 0-0-0 d5 10. Qe1 e5 11. Nxc6 bxc6 12. exd5 Nxd5 13. Bc4 Be6 14. Kb1 Rb8 15. Ne4 f5 16. Bxa7 Qe7 17. Bc5 Qb7 18. Bb3 fxe4 19. fxe4 Rfd8 20. exd5 cxd5 21. Rf1 Qc6 22. Be7 Rdc8 23. Bf6 Rxb3 24. cxb3 Bxf6 25. Rxf6 Bf5+ 26. Rxf5 Qc2+ 27. Ka1 gxf5 28. Rb1 Qe4 29. Qg3+ Kf7 30. a4 Rc2 31. Re1 1/2-1/2

[Event "RA-2016-0-00472"]
[Site "LSS email"]
[Date "2016.09.30"]
[Round "?"]
[White "Rybak, Jarek"]
[Black "Eman, Juan"]
[Result "1-0"]
[WhiteElo "2014"]
[BlackElo "2260"]
[PlyCount "79"]
[EventDate "2016.09.08"]
[EventType "tourn (corr)"]
[EventRounds "6"]
[EventCountry "GER"]
[SourceTitle "Corr 2022"]
[Source "ChessBase"]
[SourceDate "2021.10.24"]
[SourceVersion "1"]
[SourceVersionDate "2021.10.24"]
[SourceQuality "1"]

1. e4 c5 2. Nf3 Nc6 3. d4 cxd4 4. Nxd4 Qb6 5. Nb3 Nf6 6. Nc3 e6 7. Qe2 Bb4 8. Bd2 0-0 9. a3 Be7 10. 0-0-0 Qc7 11. g4 d5 12. f4 Nxe4 13. Nxe4 dxe4 14. Qxe4 b6 15. Bd3 g6 16. Rhf1 Bb7 17. Qe2 Bf6 18. Kb1 Rac8 19. h4 Rfd8 20. h5 Ne7 21. Bc1 gxh5 22. f5 exf5 23. gxf5 Kh8 24. Rde1 h4 25. Bf4 Qc6 26. Nd2 Rxd3 27. Qxd3 Ba6 28. c4 Bxc4 29. Nxc4 Qxc4 30. Rd1 h5 31. Qxc4 Rxc4 32. Rd6 Rc6 33. Rd7 a5 34. Bc7 h3 35. Rh1 h4 36. Rxh3 Kg7 37. Rf3 Rc4 38. Rf1 Rg4 39. Bxb6 Nc6 40. Rc7 1-0

[Event "WC-2015-P-00002"]
[Site "LSS email"]
[Date "2015.01.19"]
[Round "?"]
[White "Celan, Melissa"]
[Black "Rybak, Jarek"]
[Result "1/2-1/2"]
[WhiteElo "1822"]
[BlackElo "2000"]
[PlyCount "38"]
[EventDate "2015.01.25"]
[EventType "tourn (corr)"]
[EventRounds "12"]
[EventCountry "GER"]
[SourceTitle "Corr 2022"]
[Source "ChessBase"]
[SourceDate "2021.10.24"]
[SourceVersion "1"]
[SourceVersionDate "2021.10.24"]
[SourceQuality "1"]

1. d4 Nf6 2. c4 c5 3. Nf3 cxd4 4. Nxd4 e5 5. Nb5 d5 6. cxd5 Bc5 7. N5c3 0-0 8. g3 Qb6 9. e3 Bf5 10. Bg2 e4 11. h3 Rd8 12. 0-0 Na6 13. Qb3 Qxb3 14. axb3 Bb4 15. Bd2 Be7 16. Be1 Nc5 17. Nd2 a5 18. g4 Bg6 19. d6 Bxd6 1/2-1/2

[Event "WC-2015-P-00002"]
[Site "LSS email"]
[Date "2015.01.19"]
[Round "?"]
[White "Weiss, Lester"]
[Black "Rybak, Jarek"]
[Result "1/2-1/2"]
[WhiteElo "2029"]
[BlackElo "2000"]
[PlyCount "46"]
[EventDate "2015.01.25"]
[EventType "tourn (corr)"]
[EventRounds "12"]
[EventCountry "GER"]
[SourceTitle "Corr 2022"]
[Source "ChessBase"]
[SourceDate "2021.10.24"]
[SourceVersion "1"]
[SourceVersionDate "2021.10.24"]
[SourceQuality "1"]

1. e4 c5 2. Nf3 e6 3. d4 cxd4 4. Nxd4 Nc6 5. Nc3 d6 6. Be3 Nf6 7. f3 Be7 8. Qd2 0-0 9. 0-0-0 d5 10. exd5 Nxd5 11. Nxd5 Qxd5 12. Nxc6 Qxc6 13. Bd3 Rd8 14. Kb1 Bd7 15. h4 Qc7 16. Qf2 Bc6 17. h5 h6 18. g4 Rd5 19. c4 Rd7 20. Bc2 Rad8 21. Rxd7 Rxd7 22. Rc1 Qa5 23. f4 Bf6 1/2-1/2

[Event "RB-2014-0-00269"]
[Site "LSS email"]
[Date "2014.12.14"]
[Round "?"]
[White "Korchut, Adam"]
[Black "Rybak, Jarek"]
[Result "0-1"]
[WhiteElo "1833"]
[BlackElo "1935"]
[PlyCount "128"]
[EventDate "2014.11.12"]
[EventType "tourn (corr)"]
[EventRounds "6"]
[EventCountry "GER"]
[SourceTitle "Corr 2022"]
[Source "ChessBase"]
[SourceDate "2021.10.24"]
[SourceVersion "1"]
[SourceVersionDate "2021.10.24"]
[SourceQuality "1"]

1. e4 e6 2. d4 d5 3. Nc3 Bb4 4. e5 c5 5. a3 Bxc3+ 6. bxc3 Qa5 7. Bd2 Qa4 8. Qb1 c4 9. Ne2 Nc6 10. Nf4 Bd7 11. g3 0-0-0 12. Bg2 f6 13. 0-0 fxe5 14. dxe5 Nge7 15. Re1 Rdf8 16. Bh3 Nf5 17. Qb2 b6 18. Bg2 Nfe7 19. Rab1 g5 20. Ne2 Rhg8 21. Nd4 Kb8 22. Qc1 h6 23. Qb2 Nf5 24. h3 Rg7 25. Ra1 Rgf7 26. Re2 Ncxd4 27. cxd4 Qb5 28. Qxb5 Bxb5 29. Bc3 Ba4 30. Rb1 h5 31. Bb2 c3 32. Bxc3 Rc8 33. Bb2 Bxc2 34. Rc1 Bd3 35. Rxc8+ Kxc8 36. Rd2 Bc4 37. Rc2 g4 38. Kh2 a5 39. Kg1 b5 40. Rc1 Kb7 41. Bc3 Ka6 42. Kh2 b4 43. axb4 a4 44. b5+ Kb6 45. Ra1 Bb3 46. Rc1 a3 47. Bb4 a2 48. Bf1 Bc4 49. Bc5+ Kxb5 50. Bxc4+ dxc4 51. Ra1 Rb7 52. Rxa2 c3 53. hxg4 hxg4 54. Kg2 Kc4 55. Ra4+ Kd3 56. Ba3 Nxd4 57. Bf8 c2 58. Bh6 Rb1 59. Be3 Nf3 60. Rxg4 Ke2 61. Ra4 Rg1+ 62. Kh3 Nd2 63. Bxd2 Kxd2 64. Ra2 Kd3 0-1

[Event "CP-2014-Q-00009"]
[Site "LSS email"]
[Date "2014.12.02"]
[Round "?"]
[White "Rybak, Jarek"]
[Black "Astroukh, Vitalij"]
[Result "1/2-1/2"]
[WhiteElo "1985"]
[BlackElo "2270"]
[PlyCount "79"]
[EventDate "2014.12.08"]
[EventType "tourn (corr)"]
[EventRounds "6"]
[EventCountry "GER"]
[SourceTitle "Corr 2022"]
[Source "ChessBase"]
[SourceDate "2021.10.24"]
[SourceVersion "1"]
[SourceVersionDate "2021.10.24"]
[SourceQuality "1"]

1. e4 c5 2. Nf3 d6 3. d4 cxd4 4. Nxd4 Nf6 5. Nc3 a6 6. Be3 e6 7. f3 b5 8. Qd2 Nbd7 9. g4 h6 10. 0-0-0 b4 11. Nce2 Qc7 12. h4 d5 13. g5 hxg5 14. exd5 Nxd5 15. Bxg5 e5 16. Re1 Bb7 17. Nf4 N5f6 18. Bh3 0-0-0 19. Nfe6 fxe6 20. Nxe6 Qd6 21. Qe2 Re8 22. Rd1 Bd5 23. Nxf8 Rexf8 24. Bxf6 gxf6 25. Qd3 f5 26. Bxf5 Rxf5 27. Qxf5 Qc6 28. Rhg1 Rf8 29. Qd3 Bxf3 30. Rg6 Qb5 31. Rxa6 Qxd3 32. Rxd3 Be2 33. Ra8+ Nb8 34. Re3 Rf1+ 35. Kd2 Bf3 36. Rxb8+ Kxb8 37. Rxe5 Bb7 38. Rb5 Rf4 39. h5 Rh4 40. Ke3 1/2-1/2

[Event "RB-2014-0-00264"]
[Site "LSS email"]
[Date "2014.11.08"]
[Round "?"]
[White "Hatsek, Werner"]
[Black "Rybak, Jarek"]
[Result "1/2-1/2"]
[WhiteElo "2011"]
[BlackElo "1897"]
[PlyCount "75"]
[EventDate "2014.09.23"]
[EventType "tourn (corr)"]
[EventRounds "6"]
[EventCountry "GER"]
[SourceTitle "Corr 2022"]
[Source "ChessBase"]
[SourceDate "2021.10.24"]
[SourceVersion "1"]
[SourceVersionDate "2021.10.24"]
[SourceQuality "1"]

1. e4 e6 2. d4 d5 3. exd5 exd5 4. Nf3 Nc6 5. Bd3 Bg4 6. c3 Bd6 7. h3 Bh5 8. 0-0 Nge7 9. Re1 Qd7 10. Na3 Bxa3 11. bxa3 f6 12. Rb1 0-0-0 13. Qa4 Rde8 14. Be2 Bg6 15. Rb2 Nf5 16. Bf4 Nd6 17. Rd1 Re4 18. Bxd6 Qxd6 19. c4 dxc4 20. Qxc4 Rhe8 21. Bf1 a6 22. Bd3 R4e7 23. Rbb1 Bxd3 24. Rxd3 g5 25. Qb3 Na5 26. Qa4 b6 27. Rc3 h5 28. Rbc1 Kb8 29. Rxc7 Qf4 30. Kh1 g4 31. Ng1 gxh3 32. gxh3 Re1 33. Rc8+ Rxc8 34. Rxe1 Qxf2 35. Re8 Qf5 36. Rxc8+ Kxc8 37. Qe8+ Kb7 38. Qe7+ 1/2-1/2

[Event "RB-2014-0-00263"]
[Site "LSS email"]
[Date "2014.11.03"]
[Round "?"]
[White "Rybak, Jarek"]
[Black "Wittal, Werner"]
[Result "1-0"]
[WhiteElo "1897"]
[BlackElo "2027"]
[PlyCount "131"]
[EventDate "2014.09.14"]
[EventType "tourn (corr)"]
[EventRounds "6"]
[EventCountry "GER"]
[SourceTitle "Corr 2022"]
[Source "ChessBase"]
[SourceDate "2021.10.24"]
[SourceVersion "1"]
[SourceVersionDate "2021.10.24"]
[SourceQuality "1"]

1. e4 e5 2. Nf3 Nc6 3. Bc4 Nf6 4. Ng5 d5 5. exd5 Na5 6. Bb5+ c6 7. dxc6 bxc6 8. Bd3 Nd5 9. Nf3 Bd6 10. 0-0 Nf4 11. Re1 Nxd3 12. cxd3 0-0 13. Nxe5 Re8 14. d4 c5 15. d3 cxd4 16. Nf3 Rxe1+ 17. Qxe1 Bf5 18. Nxd4 Bxd3 19. Nf3 h6 20. Nc3 Qd7 21. b3 Nc6 22. Be3 Rd8 23. Rd1 Qf5 24. h3 Bb4 25. Bc1 a5 26. Bb2 Kh7 27. Rd2 f6 28. Qd1 Ne5 29. Ne1 Rd7 30. a3 Be7 31. g4 Qf4 32. Nd5 Rxd5 33. Bxe5 fxe5 34. Rxd3 Rxd3 35. Qxd3+ e4 36. Qc3 Bxa3 37. Qxa5 Bd6 38. Kf1 Kh8 39. Qc3 Qf8 40. Ng2 Qf7 41. Qc8+ Bf8 42. Ne3 Qf3 43. Kg1 Kh7 44. Qc4 Bd6 45. Qd4 Be7 46. b4 Bh4 47. Nf5 Bf6 48. Qe3 Qd1+ 49. Kg2 Qb1 50. Qc5 Qb3 51. Ne3 Bg5 52. Qc4 Qb1 53. Nd5 e3 54. fxe3 Qb2+ 55. Kf3 Qh2 56. Qf1 Qa2 57. Qd3+ Kg8 58. b5 Qh2 59. Qf1 Qa2 60. Ke4 Qa4+ 61. Ke5 Bh4 62. Qd3 Kh8 63. Kd6 Bg3+ 64. Kd7 Bh4 65. Nc7 Bg5 66. e4 1-0

[Event "RB-2014-0-00263"]
[Site "LSS email"]
[Date "2014.11.01"]
[Round "?"]
[White "Perez, Alberto"]
[Black "Rybak, Jarek"]
[Result "1/2-1/2"]
[WhiteElo "1922"]
[BlackElo "1897"]
[PlyCount "38"]
[EventDate "2014.09.14"]
[EventType "tourn (corr)"]
[EventRounds "6"]
[EventCountry "GER"]
[SourceTitle "Corr 2022"]
[Source "ChessBase"]
[SourceDate "2021.10.24"]
[SourceVersion "1"]
[SourceVersionDate "2021.10.24"]
[SourceQuality "1"]

1. e4 e6 2. c4 d5 3. cxd5 exd5 4. exd5 Nf6 5. Bb5+ Nbd7 6. Nc3 a6 7. Bc4 Nb6 8. Bb3 Nbxd5 9. d4 Bb4 10. Nge2 0-0 11. 0-0 Qd6 12. a3 Ba5 13. Re1 Bg4 14. Nxd5 Nxd5 15. Bd2 Bb6 16. h3 Bd7 17. Nc3 Nf6 18. Ne4 Nxe4 19. Rxe4 Bf5 1/2-1/2

[Event "RB-2014-0-00260"]
[Site "LSS email"]
[Date "2014.09.24"]
[Round "?"]
[White "Rybak, Jarek"]
[Black "Glowatzky, Tihomir"]
[Result "1-0"]
[WhiteElo "1890"]
[BlackElo "2064"]
[PlyCount "85"]
[EventDate "2014.08.11"]
[EventType "tourn (corr)"]
[EventRounds "6"]
[EventCountry "GER"]
[SourceTitle "Corr 2022"]
[Source "ChessBase"]
[SourceDate "2021.10.24"]
[SourceVersion "1"]
[SourceVersionDate "2021.10.24"]
[SourceQuality "1"]

1. e4 e5 2. Nf3 Nc6 3. Bc4 Nf6 4. d3 Bc5 5. c3 a6 6. Bb3 d6 7. 0-0 0-0 8. Nbd2 Ba7 9. h3 h6 10. Re1 Nh5 11. Nf1 Qf6 12. Be3 Bxe3 13. fxe3 Qg6 14. Kh2 Na5 15. Bc2 f5 16. d4 fxe4 17. dxe5 Be6 18. exd6 Rad8 19. N3d2 Rxd6 20. Bxe4 Qg5 21. Qe2 b5 22. Nf3 Qe7 23. Nd4 Bf7 24. Bc2 Nc4 25. a4 Qe5+ 26. Kg1 Nxb2 27. axb5 Bc4 28. Qg4 axb5 29. Nf5 Rd3 30. Qxh5 Rxf5 31. Ra8+ Kh7 32. Qe8 Qxc3 33. Re2 Qe5 34. Qh8+ Kg6 35. Nd2 Be6 36. Nf3 Rxf3 37. gxf3 Bxh3 38. Kh1 Kh5 39. Rh2 Qg3 40. Qe8+ g6 41. Qe5+ Qxe5 42. Rxh3+ Kg5 43. f4+ 1-0

[Event "BI-2014-P-0000"]
[Site "LSS email"]
[Date "2014.04.19"]
[Round "?"]
[White "Rybak, Jarek"]
[Black "Ausan, Leo Tito Jr"]
[Result "1-0"]
[WhiteElo "1862"]
[BlackElo "1205"]
[PlyCount "59"]
[EventDate "2014.04.25"]
[EventType "tourn (corr)"]
[EventRounds "10"]
[EventCountry "GER"]
[SourceTitle "Corr 2022"]
[Source "ChessBase"]
[SourceDate "2021.10.24"]
[SourceVersion "1"]
[SourceVersionDate "2021.10.24"]
[SourceQuality "1"]

1. d4 Nf6 2. c4 c5 3. d5 e6 4. Nc3 exd5 5. cxd5 d6 6. e4 g6 7. f4 Bg7 8. Bb5+ Kf8 9. e5 dxe5 10. fxe5 Ng4 11. e6 Bxc3+ 12. bxc3 Bxe6 13. dxe6 Qxd1+ 14. Kxd1 Nf2+ 15. Ke2 Nxh1 16. Bh6+ Ke7 17. exf7 Kxf7 18. Nh3 a6 19. Bc4+ Ke7 20. Rxh1 Nc6 21. Rf1 Kd7 22. Rf7+ Ne7 23. Nf2 Rae8 24. Ne4 Kc6 25. Rf6+ Kd7 26. Nxc5+ Kc8 27. Be6+ Kb8 28. Rf7 Ka8 29. Bg7 Nc6 30. Bxh8 1-0

[Event "RC-2014-0-00147"]
[Site "LSS email"]
[Date "2014.04.01"]
[Round "?"]
[White "Le Duigou, Jean Guy"]
[Black "Rybak, Jarek"]
[Result "0-1"]
[WhiteElo "1808"]
[BlackElo "1742"]
[PlyCount "56"]
[EventDate "2014.03.03"]
[EventType "tourn (corr)"]
[EventRounds "6"]
[EventCountry "GER"]
[SourceTitle "Corr 2022"]
[Source "ChessBase"]
[SourceDate "2021.10.24"]
[SourceVersion "1"]
[SourceVersionDate "2021.10.24"]
[SourceQuality "1"]

1. Nf3 Nf6 2. g3 g6 3. Bg2 Bg7 4. 0-0 d5 5. d4 0-0 6. c4 dxc4 7. Na3 c3 8. bxc3 c5 9. e3 Nc6 10. Qe2 Nd5 11. Bb2 Nb6 12. Rfd1 Na4 13. Rac1 Nxb2 14. Qxb2 Qb6 15. Nc4 Qxb2 16. Nxb2 cxd4 17. cxd4 Bf5 18. Nd3 Rac8 19. Nh4 Bg4 20. Bf3 h5 21. Rc5 b6 22. Bxg4 hxg4 23. Rg5 e6 24. Rxg4 Ne7 25. Rd2 Rc4 26. Nf3 Rfc8 27. Nfe1 Nd5 28. Kg2 Bh6 0-1

[Event "RC-2014-0-00146"]
[Site "LSS email"]
[Date "2014.03.28"]
[Round "?"]
[White "Reede, Arvo"]
[Black "Rybak, Jarek"]
[Result "0-1"]
[WhiteElo "1686"]
[BlackElo "1712"]
[PlyCount "158"]
[EventDate "2014.02.25"]
[EventType "tourn (corr)"]
[EventRounds "6"]
[EventCountry "GER"]
[SourceTitle "Telechess CBM 167"]
[Source "ChessBase"]
[SourceDate "2015.07.13"]
[SourceVersion "1"]
[SourceVersionDate "2015.07.13"]
[SourceQuality "1"]

1. d4 e6 2. c4 Nf6 3. Nc3 Bb4 4. Qc2 Nc6 5. Nf3 d6 6. Bg5 h6 7. Bd2 0-0 8. a3 Bxc3 9. Bxc3 Qe7 10. e4 e5 11. d5 Nb8 12. Nd2 Nh5 13. g3 f5 14. Bg2 fxe4 15. Nxe4 Bf5 16. 0-0 Nd7 17. Qd2 Rae8 18. Rae1 Qf7 19. f3 b6 20. b4 Nhf6 21. a4 Qg6 22. Qa2 h5 23. Bd2 h4 24. gxh4 Nh5 25. Bg5 Nf4 26. Qd2 a5 27. bxa5 bxa5 28. Kh1 Bxe4 29. Rxe4 Nc5 30. Re3 Rb8 31. Rg1 Rb4 32. Bf1 Qf5 33. Ra3 Rf7 34. Bh6 Rb1 35. Bxf4 Qxf4 36. Qxf4 Rxf4 37. h5 Rd4 38. Kg2 Rd2+ 39. Kg3 Rdd1 40. Kf2 Kf7 41. Ra2 Rdc1 42. h3 Nd7 43. Rd2 Nf6 44. h6 gxh6 45. h4 Ra1 46. c5 Nh5 47. cxd6 cxd6 48. Rb2 Nf4 49. h5 Kf6 50. Rh1 Rxa4 51. Rb8 Ra2+ 52. Kg3 Raa1 53. Kf2 a4 54. Rf8+ Ke7 55. Rh8 a3 56. Rxh6 a2 57. Rh7+ Kf6 58. Ra7 Rc2+ 59. Kg3 Rac1 60. h6 a1Q 61. Rxa1 Rxa1 62. h7 Ne2+ 63. Kg4 Rc4+ 64. Kh3 Rc8 65. Kg4 Rh8 66. Rh6+ Kg7 67. Rxd6 Rxf1 68. Rd7+ Kg6 69. Rd6+ Kxh7 70. Kf5 Re8 71. Rd7+ Kh6 72. Rd6+ Kh5 73. Ke4 Nf4 74. Ke3 Kg5 75. Rd7 Rb8 76. Ra7 Rb3+ 77. Kd2 Rf2+ 78. Kc1 Nd3+ 79. Kd1 Rb1# 0-1

[Event "RC-2014-0-00142"]
[Site "LSS email"]
[Date "2014.02.24"]
[Round "?"]
[White "Rybak, Jarek"]
[Black "Susla, Vitaliy"]
[Result "1/2-1/2"]
[WhiteElo "1712"]
[BlackElo "1973"]
[PlyCount "73"]
[EventDate "2014.01.17"]
[EventType "tourn (corr)"]
[EventRounds "6"]
[EventCountry "GER"]
[SourceTitle "Telechess CBM 167"]
[Source "ChessBase"]
[SourceDate "2015.07.13"]
[SourceVersion "1"]
[SourceVersionDate "2015.07.13"]
[SourceQuality "1"]

1. d4 Nf6 2. c4 g6 3. Nc3 Bg7 4. e4 d6 5. Be2 0-0 6. Bg5 Na6 7. f4 c6 8. Qd2 d5 9. Bxf6 exf6 10. exd5 cxd5 11. Nxd5 b5 12. Ne3 bxc4 13. Bf3 Rb8 14. Ne2 Be6 15. 0-0 Qb6 16. b3 cxb3 17. axb3 Rfd8 18. Rfc1 Nb4 19. Nc4 Qc7 20. Ra4 Qe7 21. Na5 Bf8 22. h3 Rdc8 23. Nc4 Qd7 24. Ra5 Nc6 25. Bxc6 Qxc6 26. d5 Bc5+ 27. Kh2 Qxd5 28. Qxd5 Bxd5 29. Nd2 Be3 30. Rxd5 Rxc1 31. Nxc1 Rc8 32. Ne2 Rc2 33. Nc4 Rxe2 34. Nxe3 Rxe3 35. Rd7 Rxb3 36. Rxa7 Rb4 37. Kg3 1/2-1/2

[Event "RC-2013-0-00140"]
[Site "LSS email"]
[Date "2014.02.13"]
[Round "?"]
[White "Rybak, Jarek"]
[Black "Lombart, Philippe"]
[Result "1-0"]
[WhiteElo "1866"]
[BlackElo "1639"]
[PlyCount "61"]
[EventDate "2013.12.26"]
[EventType "tourn (corr)"]
[EventRounds "6"]
[EventCountry "GER"]
[SourceTitle "Corr 2015"]
[Source "ChessBase"]
[SourceDate "2015.07.17"]
[SourceVersion "1"]
[SourceVersionDate "2015.07.17"]
[SourceQuality "1"]

1. d4 d5 2. c4 e6 3. Nc3 Bb4 4. Nf3 Nf6 5. cxd5 exd5 6. Bg5 h6 7. Bh4 0-0 8. e3 c6 9. Bd3 Bg4 10. Qb3 a5 11. a3 Bxc3+ 12. bxc3 Bxf3 13. gxf3 b5 14. Qc2 g5 15. Bg3 Kg7 16. h4 Rh8 17. Ke2 Nbd7 18. Rag1 g4 19. fxg4 Qe7 20. g5 hxg5 21. hxg5 Ne4 22. Rh6 Rxh6 23. gxh6+ Kh8 24. Bf4 Rg8 25. Rxg8+ Kxg8 26. a4 bxa4 27. f3 Nef6 28. Qxa4 c5 29. Qxa5 cxd4 30. cxd4 Nf8 31. Be5 1-0

[Event "RC-2013-0-00140"]
[Site "LSS email"]
[Date "2014.02.11"]
[Round "?"]
[White "Habes, Jiri"]
[Black "Rybak, Jarek"]
[Result "1/2-1/2"]
[WhiteElo "1717"]
[BlackElo "1866"]
[PlyCount "122"]
[EventDate "2013.12.26"]
[EventType "tourn (corr)"]
[EventRounds "6"]
[EventCountry "GER"]
[SourceTitle "Corr 2015"]
[Source "ChessBase"]
[SourceDate "2015.07.17"]
[SourceVersion "1"]
[SourceVersionDate "2015.07.17"]
[SourceQuality "1"]

1. e4 e6 2. d4 d5 3. Nc3 Bb4 4. exd5 exd5 5. Nf3 Ne7 6. Bd3 Nbc6 7. 0-0 0-0 8. h3 Bf5 9. a3 Bxc3 10. bxc3 Qd6 11. a4 Rfe8 12. Re1 Bxd3 13. cxd3 Ng6 14. Ra2 Rxe1+ 15. Qxe1 h6 16. Re2 Nf8 17. Qd1 Qd7 18. Re1 b6 19. Qb3 Ne6 20. Bd2 a6 21. Qd1 Re8 22. Nh4 Nf8 23. Rxe8 Qxe8 24. Qg4 Kh8 25. Nf5 Ng6 26. h4 Qe6 27. h5 Nce7 28. Ne3 Qxg4 29. Nxg4 Nf8 30. Bc1 Ne6 31. g3 f6 32. Ne3 c6 33. Ba3 Nc8 34. Kf1 Kg8 35. Nf5 Kf7 36. c4 g6 37. hxg6+ Kxg6 38. Nh4+ Kf7 39. cxd5 cxd5 40. Nf5 h5 41. Ne3 Na7 42. Nxd5 b5 43. Bb2 bxa4 44. Nb6 Nb5 45. Nxa4 Nexd4 46. Ke1 f5 47. f4 a5 48. Kf2 Ke6 49. Ke3 Nb3 50. Bg7 Kd5 51. Bf6 Na3 52. Ke2 Nc2 53. Bc3 Kc6 54. Nb2 Ncd4+ 55. Ke3 Nb5 56. Bg7 Nc7 57. Be5 Nd5+ 58. Ke2 Kc5 59. Nc4 a4 60. Kd1 Nd4 61. Bg7 Nc3+ 1/2-1/2

[Event "RD-2013-0-00096"]
[Site "LSS email"]
[Date "2013.12.29"]
[Round "?"]
[White "Schalkwijk, Peter H"]
[Black "Rybak, Jarek"]
[Result "0-1"]
[WhiteElo "1435"]
[BlackElo "1687"]
[PlyCount "32"]
[EventDate "2013.10.23"]
[EventType "tourn (corr)"]
[EventRounds "6"]
[EventCountry "GER"]
[SourceTitle "Telechess CBM 167"]
[Source "ChessBase"]
[SourceDate "2015.07.13"]
[SourceVersion "1"]
[SourceVersionDate "2015.07.13"]
[SourceQuality "1"]

1. e4 e6 2. d3 d5 3. Nd2 Nf6 4. Ngf3 b6 5. g3 dxe4 6. dxe4 Nc6 7. Qe2 a5 8. Qd3 Qxd3 9. Bxd3 Nb4 10. Kd1 Nxd3 11. cxd3 Ba6 12. Kc2 Ng4 13. Rf1 Rd8 14. Ne1 Nxh2 15. Rh1 Ng4 16. Rf1 Bc5 0-1

[Event "RD-2013-0-00095"]
[Site "LSS email"]
[Date "2013.12.07"]
[Round "?"]
[White "Rybak, Jarek"]
[Black "Henke, Simon"]
[Result "1-0"]
[WhiteElo "1687"]
[BlackElo "1474"]
[PlyCount "57"]
[EventDate "2013.10.12"]
[EventType "tourn (corr)"]
[EventRounds "6"]
[EventCountry "GER"]
[SourceTitle "Telechess CBM 167"]
[Source "ChessBase"]
[SourceDate "2015.07.13"]
[SourceVersion "1"]
[SourceVersionDate "2015.07.13"]
[SourceQuality "1"]

1. d4 d5 2. c4 c6 3. Nf3 Nf6 4. Nc3 a6 5. a4 e6 6. Bg5 Nbd7 7. e3 Qa5 8. Nd2 Bb4 9. Rc1 c5 10. Bh4 0-0 11. Be2 cxd4 12. exd4 Qb6 13. c5 Qc6 14. Na2 Bxd2+ 15. Qxd2 Re8 16. 0-0 e5 17. Nb4 Qxa4 18. Bd3 Ne4 19. Bxe4 dxe4 20. Nd5 Rb8 21. Ne7+ Kh8 22. Nf5 f6 23. Nd6 Re7 24. Rc4 Qa2 25. Rfc1 Kg8 26. Nxe4 exd4 27. Rxd4 Qe6 28. Re1 Kh8 29. f3 1-0

[Event "RD-2013-0-00095"]
[Site "LSS email"]
[Date "2013.12.04"]
[Round "?"]
[White "Rybak, Jarek"]
[Black "Plankert, Hans"]
[Result "1-0"]
[WhiteElo "1687"]
[BlackElo "1563"]
[PlyCount "99"]
[EventDate "2013.10.12"]
[EventType "tourn (corr)"]
[EventRounds "6"]
[EventCountry "GER"]
[SourceTitle "Telechess CBM 167"]
[Source "ChessBase"]
[SourceDate "2015.07.13"]
[SourceVersion "1"]
[SourceVersionDate "2015.07.13"]
[SourceQuality "1"]

1. d4 Nf6 2. c4 c5 3. d5 b5 4. cxb5 a6 5. bxa6 g6 6. Nc3 Bxa6 7. e4 Bxf1 8. Kxf1 d6 9. g3 Bg7 10. Nf3 Nbd7 11. Kg2 0-0 12. a4 Ra6 13. Qc2 Qa8 14. Ra3 Rc8 15. Rd1 Nb6 16. b3 Nfd7 17. Bg5 Nf6 18. Ra2 h6 19. Bc1 Ne8 20. Bb2 Nd7 21. Nd2 Rb8 22. Ne2 Bf6 23. Bc3 h5 24. Nc4 Nb6 25. Ne3 Nd7 26. Rb1 h4 27. Rab2 Ra7 28. f3 Rab7 29. Nc4 Nb6 30. Na5 Bxc3 31. Qxc3 Nxa4 32. bxa4 Rxb2 33. Rxb2 Rxb2 34. Qxb2 Qxa5 35. Qb5 Qa8 36. Qc6 Qb8 37. a5 hxg3 38. hxg3 Nc7 39. Kf2 Kf8 40. a6 Qa7 41. Qb7 Qxb7 42. axb7 Na6 43. Nc3 Ke8 44. Nb5 Nb8 45. Ke2 Kd8 46. Kd3 Kd7 47. Kc4 Na6 48. Kb3 Nb8 49. Ka4 e6 50. Ka5 1-0